书目信息 |
| 题名: |
交际汉语
|
|
| 作者: | ;中国中央电视台英语频道 编 | |
| 分册: | 1 | |
| 出版信息: | 北京 科学普及出版社 2003 |
|
| 页数: | 213页 | |
| 开本: | 21cm | |
| 丛书名: | ||
| 单 册: | ||
| 中图分类: | H195.4 | |
| 科图分类: | ||
| 主题词: | 汉语--口语--对外汉语教学--教材 , 汉语 , 口语 | |
| 电子资源: | ||
| ISBN: | 7-110-05535-3 | |
| 000 | 00951nam0 2200265 450 | |
| 001 | 0302593712 | |
| 005 | 20051213150610.78 | |
| 010 | @a7-110-05535-3@dCNY32.00 | |
| 092 | @aCN | |
| 100 | @a20040825d2003 em y0chiy0110 ea | |
| 101 | 0 | @achi@aeng |
| 102 | @aCN@b110000 | |
| 105 | @aa z 000yy | |
| 200 | 1 | @a交际汉语@9jiao ji han yu@h1@e中英对照@f中国中央电视台英语频道编@Fzhong guo zhong yang dian shi tai ying yu pin dao bian |
| 210 | @a北京@c科学普及出版社@d2003 | |
| 215 | @a213页@c图@d21cm | |
| 330 | @a本册教材共十课,每课每人以口语为主。每课学习一个话题,并针对该话题设有情景对话、生词、常用语句、文化背景知识、语言点等。 | |
| 517 | 1 | @a中英对照@Azhong ying dui zhao |
| 606 | 0 | @a汉语@x口语@x对外汉语教学@j教材 |
| 606 | 0 | @a汉语 |
| 606 | 0 | @a口语 |
| 690 | @aH195.4@v4 | |
| 711 | 0 | @a中国中央电视台英语频道@Azhong guo zhong yang dian shi tai ying yu pin dao@4编 |
| 801 | 0 | @aCN@bCXYBOOK@c20051213 |
| 905 | @a10447@dH195.4@e171:1 | |
| 交际汉语.1:中英对照/中国中央电视台英语频道编.-北京:科学普及出版社,2003 |
| 213页:图;21cm |
| ISBN 7-110-05535-3:CNY32.00 |
| 本册教材共十课,每课每人以口语为主。每课学习一个话题,并针对该话题设有情景对话、生词、常用语句、文化背景知识、语言点等。 |
| ● |
| 相关链接 |
|
|
|
|
正题名:交际汉语
索取号:H195.4/171:1
 
预约/预借
| 序号 | 登录号 | 条形码 | 馆藏地/架位号 | 状态 | 备注 |
| 1 | 0371320 | 203713204 | 第二样本阅览室/ [索取号:H195.4/171:1] | 在馆 | |
| 2 | 0371321 | 203713213 | 第四借阅区/ [索取号:H195.4/171:1] | 在馆 | |
| 3 | 0371322 | 203713222 | 第四借阅区/ [索取号:H195.4/171:1] | 在馆 |